[Event "Arco op 27th"]
[Site "Arco"]
[Date "2005.10.27"]
[Round "6"]
[White "Moser, Eva"]
[Black "Diotallevi, Maurizio"]
[Result "1-0"]
[WhiteElo "2361"]
[BlackElo "2113"]
[PlyCount "211"]
[EventDate "2005.10.22"]
[EventType "swiss"]
[EventRounds "9"]
[EventCountry "ITA"]
[SourceTitle "EXT 2006"]
[Source "ChessBase"]
[SourceDate "2005.11.24"]
[SourceVersion "1"]
[SourceVersionDate "2005.11.24"]
[SourceQuality "1"]

1. g3 d5 2. Bg2 c6 3. Nf3 Nf6 4. O-O Bg4 5. b3 Nbd7 6. Bb2 e6 7. d3 Bd6 8. c4
O-O 9. Na3 Qe7 10. Nc2 a5 11. a3 Bxf3 12. Bxf3 Rfe8 13. Bg2 Be5 14. d4 Bc7 15.
Ne3 Rad8 16. Qc2 Nb6 17. Rfd1 g6 18. Bc3 Ra8 19. Bb2 Kg7 20. f4 h5 21. h4 Nc8
22. c5 Qd7 23. Nf1 Ng4 24. e4 f5 25. e5 Ne7 26. a4 Ra7 27. Qc3 Rea8 28. Nd2 Nh6
29. Nf3 Nf7 30. Bf1 Nc8 31. Ba3 Nd8 32. Rdc1 Ne7 33. Kg2 Nc8 34. Be2 Ne7 35.
Rc2 Ng8 36. Rca2 Nh6 37. Nd2 Qc8 38. b4 axb4 39. Bxb4 Nhf7 40. Nb3 Kf8 41. a5
Ke8 42. Ra3 Nh6 43. R1a2 Ng8 44. Qa1 Ne7 45. Nd2 Qb8 46. Nb1 Qc8 47. Nc3 Qd7
48. Qc1 Nc8 49. Qb2 Kf7 50. Nb1 Ke8 51. Nd2 Ne7 52. Nb3 Qc8 53. Bd2 Kf7 54. Qa1
Qd7 55. Kf2 Kf8 56. Ke3 Kf7 57. Kd3 Kf8 58. Kc2 Kf7 59. Bb4 Kf8 60. Nd2 Ke8 61.
Nb1 Nc8 62. Nc3 Kf7 63. Bd3 Ke8 64. Kd1 Kf7 65. Bc2 Ra6 66. Bb3 Ke8 67. Na4 Kf7
68. Nb6 Bxb6 69. cxb6 Rb8 70. Bc5 Rba8 71. Bc2 Ke8 72. Bd3 Kf7 73. Qc3 Qe8 74.
Rh2 Kg7 75. Raa2 Qf7 76. Bb4 Qe8 77. Qc5 Qf7 78. Qc3 Qd7 79. Bc5 Qf7 80. Kc2
Qe8 81. Kb3 Qf7 82. Kb4 Qe8 83. Qd2 Nf7 84. Qe2 Qd7 85. Rh1 Nh6 86. Rha1 Nf7
87. Kc3 Nd8 88. Qb2 Nf7 89. Qb4 Qe8 90. Kd2 Kg8 91. Rb2 Kg7 92. Qc3 Nd8 93.
Bxa6 Rxa6 94. Qd3 Qd7 95. Rb3 Kf7 96. Rab1 Ra8 97. a6 Rb8 98. Ra3 bxa6 99. Rxa6
Rb7 100. Rba1 Rb8 101. Ra8 Rb7 102. Qa6 Ke8 103. Qa4 Nf7 104. Ra7 Nd8 105. Rxb7
Nxb7 106. Qa8 1-0

[Event "Arco op 27th"]
[Site "Arco"]
[Date "2005.10.26"]
[Round "5"]
[White "Ivanov, Mikhail M"]
[Black "Moser, Eva"]
[Result "1-0"]
[WhiteElo "2457"]
[BlackElo "2361"]
[PlyCount "115"]
[EventDate "2005.10.22"]
[EventType "swiss"]
[EventRounds "9"]
[EventCountry "ITA"]
[SourceTitle "EXT 2006"]
[Source "ChessBase"]
[SourceDate "2005.11.24"]
[SourceVersion "1"]
[SourceVersionDate "2005.11.24"]
[SourceQuality "1"]

1. d4 Nf6 2. c4 g6 3. Nc3 d5 4. cxd5 Nxd5 5. g3 Bg7 6. Bg2 Nb6 7. Nf3 Nc6 8.
O-O Nxd4 9. Nxd4 Qxd4 10. Nb5 Qc4 11. Qb3 O-O 12. Qxc4 Nxc4 13. Nxc7 Rb8 14.
Nd5 Be6 15. Nxe7+ Kh8 16. Nd5 Nxb2 17. Rb1 Na4 18. Bf4 Rbd8 19. e4 b6 20. Rbc1
f5 21. Nc7 Bxa2 22. e5 Rc8 23. e6 Nc3 24. Rfe1 g5 25. Bd6 Rfd8 26. e7 Rxd6 27.
e8=Q+ Rxe8 28. Nxe8 Rd3 29. Nxg7 Kxg7 30. Bf1 Rf3 31. Re7+ Kf6 32. Rxa7 Be6 33.
Rc7 Na2 34. Re1 Nb4 35. Rxh7 Bf7 36. Rh6+ Bg6 37. Bc4 Kg7 38. Rh3 Rc3 39. Re7+
Kf6 40. Re6+ Kg7 41. Re7+ Kf6 42. Re6+ Kg7 43. Bf1 g4 44. Rh4 Nc6 45. Re1 Rc5
46. h3 Ne5 47. Be2 b5 48. hxg4 fxg4 49. Bxg4 b4 50. Be2 b3 51. Rb4 Rc3 52. f4
Nc6 53. Rc4 Rc2 54. Rxc2 Bxc2 55. Bd1 Nd4 56. Kf2 Kf6 57. Bxc2 bxc2 58. Rc1 1-0

[Event "Arco op 27th"]
[Site "Arco"]
[Date "2005.10.25"]
[Round "4"]
[White "Moser, Eva"]
[Black "Scharrer, Patrick"]
[Result "1-0"]
[WhiteElo "2361"]
[BlackElo "2210"]
[PlyCount "77"]
[EventDate "2005.10.22"]
[EventType "swiss"]
[EventRounds "9"]
[EventCountry "ITA"]
[SourceTitle "EXT 2006"]
[Source "ChessBase"]
[SourceDate "2005.11.24"]
[SourceVersion "1"]
[SourceVersionDate "2005.11.24"]
[SourceQuality "1"]

1. d4 Nf6 2. g3 g6 3. Bg2 Bg7 4. e4 d6 5. Ne2 O-O 6. O-O e5 7. h3 Nbd7 8. Nbc3
c6 9. a4 a5 10. Be3 exd4 11. Bxd4 Qe7 12. g4 Nc5 13. Ng3 Ne6 14. Be3 d5 15.
exd5 Nxd5 16. Nxd5 cxd5 17. c3 Rd8 18. Ne2 Qh4 19. Qd2 h5 20. f3 Ra6 21. Rae1
d4 22. cxd4 Rad6 23. Qxa5 Rd5 24. Qb4 Nxd4 25. Bf2 Nxe2+ 26. Rxe2 Qf6 27. Bb6
Rf8 28. Rfe1 Qxb6+ 29. Qxb6 Bd4+ 30. Qxd4 Rxd4 31. Re4 Rxe4 32. Rxe4 h4 33. g5
Rd8 34. Rxh4 Rd5 35. Re4 Kf8 36. f4 Rd3 37. Rb4 Bxh3 38. Bxh3 Rxh3 39. Rxb7 1-0

[Event "Arco op 27th"]
[Site "Arco"]
[Date "2005.10.24"]
[Round "3"]
[White "Luther, Thomas"]
[Black "Moser, Eva"]
[Result "1/2-1/2"]
[WhiteElo "2569"]
[BlackElo "2361"]
[PlyCount "20"]
[EventDate "2005.10.22"]
[EventType "swiss"]
[EventRounds "9"]
[EventCountry "ITA"]
[SourceTitle "EXT 2006"]
[Source "ChessBase"]
[SourceDate "2005.11.24"]
[SourceVersion "1"]
[SourceVersionDate "2005.11.24"]
[SourceQuality "1"]

1. d4 f5 2. Nc3 d5 3. Nf3 Nf6 4. Bf4 e6 5. e3 Be7 6. Bd3 O-O 7. O-O Ne4 8. h3
c5 9. dxc5 Nxc3 10. bxc3 Nd7 1/2-1/2

[Event "Arco op 27th"]
[Site "Arco"]
[Date "2005.10.23"]
[Round "2"]
[White "Moser, Eva"]
[Black "De Andres Gonalons, Fernando"]
[Result "1-0"]
[WhiteElo "2361"]
[BlackElo "2071"]
[PlyCount "81"]
[EventDate "2005.10.22"]
[EventType "swiss"]
[EventRounds "9"]
[EventCountry "ITA"]
[SourceTitle "EXT 2006"]
[Source "ChessBase"]
[SourceDate "2005.11.24"]
[SourceVersion "1"]
[SourceVersionDate "2005.11.24"]
[SourceQuality "1"]

1. g3 d5 2. Bg2 e6 3. Nf3 Nf6 4. O-O c5 5. d3 Nc6 6. Nbd2 Be7 7. e4 O-O 8. Re1
b5 9. e5 Nd7 10. Nf1 a5 11. h4 b4 12. N1h2 Ba6 13. Ng4 Nd4 14. Nxd4 cxd4 15.
Bf4 Rc8 16. Nh2 Rc6 17. Qg4 Kh8 18. Rac1 Qc8 19. Qd1 Qc7 20. Bxd5 exd5 21. e6
Qb7 22. exd7 Qxd7 23. Qg4 f5 24. Qe2 Bf6 25. Nf3 Rcc8 26. Qe6 Qxe6 27. Rxe6 Bb5
28. Rb6 Ba4 29. b3 Bc6 30. Bg5 Bxg5 31. hxg5 Rfe8 32. Nxd4 Bd7 33. Rd6 Re7 34.
Rxd5 f4 35. gxf4 a4 36. f3 Rce8 37. Kf2 g6 38. Rd1 Bc8 39. Rd2 Bb7 40. Rd6 axb3
41. axb3 1-0

[Event "Graz op"]
[Site "Graz"]
[Date "2005.09.11"]
[Round "9"]
[White "Ganaus, Hannes"]
[Black "Moser, Eva"]
[Result "1/2-1/2"]
[WhiteElo "2320"]
[BlackElo "2361"]
[PlyCount "120"]
[EventDate "2005.09.03"]
[EventType "swiss"]
[EventRounds "9"]
[EventCountry "AUT"]
[SourceTitle "EXT 2007"]
[Source "ChessBase"]
[SourceDate "2006.11.23"]
[SourceVersion "1"]
[SourceVersionDate "2006.11.23"]
[SourceQuality "1"]

1. d4 Nf6 2. c4 g6 3. g3 Bg7 4. Bg2 d5 5. cxd5 Nxd5 6. Nf3 Nb6 7. O-O Nc6 8. e3
e5 9. Nxe5 Nxe5 10. dxe5 Qxd1 11. Rxd1 Bxe5 12. Nc3 O-O 13. e4 Bg4 14. f3 Be6
15. f4 Bxc3 16. bxc3 Rfd8 17. Be3 Rxd1+ 18. Rxd1 Bxa2 19. e5 a5 20. Bxb7 Rb8
21. Bc6 Bb3 22. Ra1 a4 23. Bc5 Rd8 24. Bd4 Nc4 25. Bb5 Nb2 26. Kf2 c5 27. Bxc5
Rd5 28. Bxa4 Nxa4 29. Bd4 Rd8 30. Rb1 Rb8 31. g4 Kf8 32. Kg3 Rb5 33. Kh4 h6 34.
f5 Ke7 35. Kg3 Nb6 36. h4 Nd7 37. e6 fxe6 38. fxg6 e5 39. Be3 Kf6 40. h5 Kg7
41. Kh4 Nb6 42. Ra1 Na4 43. g5 hxg5+ 44. Kxg5 Bc2 45. h6+ Kh8 46. c4 Rb8 47.
Rc1 Bd3 48. c5 Rg8 49. g7+ Kh7 50. c6 Nb2 51. Rc5 Nc4 52. c7 Rc8 53. Bc1 e4 54.
Rf5 Rxc7 55. Rf8 Rxg7+ 56. hxg7 Kxg7 57. Rd8 Kf7 58. Kf4 Ke7 59. Rc8 Kd6 60.
Be3 Nxe3 1/2-1/2

[Event "Graz op"]
[Site "Graz"]
[Date "2005.09.10"]
[Round "8"]
[White "Moser, Eva"]
[Black "Balinov, Ilia"]
[Result "1/2-1/2"]
[WhiteElo "2361"]
[BlackElo "2431"]
[PlyCount "119"]
[EventDate "2005.09.03"]
[EventType "swiss"]
[EventRounds "9"]
[EventCountry "AUT"]
[SourceTitle "EXT 2007"]
[Source "ChessBase"]
[SourceDate "2006.11.23"]
[SourceVersion "1"]
[SourceVersionDate "2006.11.23"]
[SourceQuality "1"]

1. e4 c6 2. d4 d5 3. e5 c5 4. dxc5 e6 5. Be3 Nh6 6. c3 Nf5 7. Bd4 Nxd4 8. cxd4
b6 9. c6 Nxc6 10. Nc3 Bd7 11. f4 a6 12. Nf3 b5 13. Bd3 Qb6 14. Ne2 Bb4+ 15. Kf1
f6 16. h4 a5 17. Rh3 a4 18. Rg3 fxe5 19. fxe5 g6 20. Rc1 a3 21. b3 Ne7 22. h5
Kd8 23. Ng5 Rf8+ 24. Kg1 Nf5 25. Bxf5 Rxf5 26. Nxh7 Rxh5 27. Nf6 Rxe5 28. Rxg6
Bf8 29. Rg8 Ke7 30. Nxd7 Kxd7 31. Qd3 Rf5 32. Qh3 Re8 33. Qh7+ Re7 34. Qh8 Qb8
35. Ng3 Rff7 36. Nh5 Re8 37. Nf6+ Kd8 38. Nxe8 Qf4 39. Rd1 Qf2+ 40. Kh1 Qc2 41.
Rxf8 Rh7+ 42. Qxh7 Qxh7+ 43. Kg1 Qh4 44. Ng7+ Ke7 45. Re8+ Kf7 46. Rxe6 Kxg7
47. Re3 b4 48. Rdd3 Kf6 49. Re5 Kg6 50. Re2 Kg7 51. Ree3 Kf6 52. Rd1 Kg6 53.
Rf3 Kg7 54. Rh3 Qf4 55. Rdd3 Qc1+ 56. Kh2 Kf6 57. Rde3 Qd2 58. Rhf3+ Kg6 59.
Re6+ Kg7 60. Re7+ 1/2-1/2

[Event "Graz op"]
[Site "Graz"]
[Date "2005.09.09"]
[Round "7"]
[White "Burmakin, Vladimir"]
[Black "Moser, Eva"]
[Result "1/2-1/2"]
[WhiteElo "2508"]
[BlackElo "2361"]
[PlyCount "99"]
[EventDate "2005.09.03"]
[EventType "swiss"]
[EventRounds "9"]
[EventCountry "AUT"]
[SourceTitle "EXT 2007"]
[Source "ChessBase"]
[SourceDate "2006.11.23"]
[SourceVersion "1"]
[SourceVersionDate "2006.11.23"]
[SourceQuality "1"]

1. d4 Nf6 2. g3 g6 3. Bg2 d5 4. Nf3 Bg7 5. O-O c6 6. c4 dxc4 7. a4 O-O 8. Na3
Na6 9. Nxc4 c5 10. b3 Be6 11. Ng5 Bc8 12. Bb2 h6 13. Nh3 Bf5 14. Nf4 Rb8 15.
Re1 Be4 16. f3 Bc6 17. e4 cxd4 18. Qxd4 Qxd4+ 19. Bxd4 Nd7 20. e5 Ndc5 21. Na5
Rfd8 22. Rad1 Be8 23. Bf1 b6 24. Bxa6 Nxa6 25. Nc4 Bc6 26. Kf2 Nb4 27. Bc3 Nd5
28. Nxd5 Rxd5 29. Ne3 Rxd1 30. Rxd1 Rc8 31. Bb2 Kf8 32. f4 h5 33. Bd4 Ke8 34.
Ke2 Bd7 35. Kd3 Bh6 36. h4 Bf8 37. Rc1 e6 38. Nc4 Bc6 39. a5 b5 40. Nd6+ Bxd6
41. exd6 a6 42. b4 Kd7 43. Bc5 Bf3 44. Kd2 f6 45. Kc3 Bg4 46. Rc2 Bf5 47. Rd2
Rc6 48. Rd4 Rc8 49. Rd1 Rc6 50. Rd2 1/2-1/2

[Event "Graz op"]
[Site "Graz"]
[Date "2005.09.08"]
[Round "6"]
[White "Moser, Eva"]
[Black "Aschenbrenner, Robert"]
[Result "1-0"]
[WhiteElo "2361"]
[BlackElo "2245"]
[PlyCount "53"]
[EventDate "2005.09.03"]
[EventType "swiss"]
[EventRounds "9"]
[EventCountry "AUT"]
[SourceTitle "EXT 2007"]
[Source "ChessBase"]
[SourceDate "2006.11.23"]
[SourceVersion "1"]
[SourceVersionDate "2006.11.23"]
[SourceQuality "1"]

1. e4 c5 2. c3 Nf6 3. e5 Nd5 4. Nf3 Nc6 5. Bc4 Nb6 6. Bb3 c4 7. Bc2 d5 8. exd6
Qxd6 9. h3 g6 10. O-O Bf5 11. b3 Bxc2 12. Qxc2 Qd3 13. Qxd3 cxd3 14. Re1 O-O-O
15. Ng5 Rd5 16. Nxf7 Rg8 17. f4 e5 18. fxe5 Bc5+ 19. Kh1 Re8 20. Ba3 Rd7 21.
Bxc5 Rxf7 22. Na3 Rxe5 23. Rxe5 Nxe5 24. Re1 Nbd7 25. Bd6 Nc6 26. Re8+ Nd8 27.
Be7 1-0

[Event "Graz op"]
[Site "Graz"]
[Date "2005.09.07"]
[Round "5"]
[White "Wanderer, Thomas"]
[Black "Moser, Eva"]
[Result "0-1"]
[WhiteElo "2240"]
[BlackElo "2361"]
[PlyCount "52"]
[EventDate "2005.09.03"]
[EventType "swiss"]
[EventRounds "9"]
[EventCountry "AUT"]
[SourceTitle "EXT 2007"]
[Source "ChessBase"]
[SourceDate "2006.11.23"]
[SourceVersion "1"]
[SourceVersionDate "2006.11.23"]
[SourceQuality "1"]

1. e4 c5 2. Nc3 Nc6 3. g3 g6 4. Bg2 Bg7 5. d3 d6 6. Be3 e5 7. Qd2 Nge7 8. f4
O-O 9. Nf3 Nd4 10. Nh4 exf4 11. gxf4 f5 12. O-O-O Rb8 13. Nf3 Nxf3 14. Bxf3 b5
15. Kb1 b4 16. Ne2 Qa5 17. Nc1 Be6 18. e5 Rb6 19. d4 Bxa2+ 20. Nxa2 Ra6 21. Qe2
Qxa2+ 22. Kc1 cxd4 23. Bxd4 Rd8 24. Rd3 Nd5 25. Rb3 dxe5 26. fxe5 Bh6+ 0-1

[Event "Graz op"]
[Site "Graz"]
[Date "2005.09.06"]
[Round "4"]
[White "Moser, Eva"]
[Black "Hatzl, Johannes"]
[Result "1-0"]
[WhiteElo "2361"]
[BlackElo "2116"]
[PlyCount "69"]
[EventDate "2005.09.03"]
[EventType "swiss"]
[EventRounds "9"]
[EventCountry "AUT"]
[SourceTitle "EXT 2007"]
[Source "ChessBase"]
[SourceDate "2006.11.23"]
[SourceVersion "1"]
[SourceVersionDate "2006.11.23"]
[SourceQuality "1"]

1. e4 d5 2. exd5 Qxd5 3. Nc3 Qd6 4. d4 Nf6 5. Nge2 c6 6. Bf4 Qb4 7. Qd3 g6 8.
O-O-O Qa5 9. d5 cxd5 10. Nd4 Bg7 11. Nb3 Qb4 12. Qe3 O-O 13. a3 Qb6 14. Qxb6
axb6 15. Nxd5 Nxd5 16. Rxd5 Be6 17. Rb5 Nd7 18. Be2 Bxb3 19. Rxb3 Bd4 20. Rd1
e5 21. Bxe5 Bxe5 22. Rxd7 Bxh2 23. Rxb6 Bg1 24. Rbxb7 Bxf2 25. Bc4 Be3+ 26. Kb1
Kg7 27. Rxf7+ Rxf7 28. Rxf7+ Kh6 29. Rf3 Bd4 30. Rd3 Bf6 31. Bd5 Rb8 32. b4 Re8
33. c4 Re1+ 34. Kc2 Re8 35. c5 1-0

[Event "Graz op"]
[Site "Graz"]
[Date "2005.09.05"]
[Round "3"]
[White "Zakharchenko, Arnold"]
[Black "Moser, Eva"]
[Result "1-0"]
[WhiteElo "2273"]
[BlackElo "2361"]
[PlyCount "89"]
[EventDate "2005.09.03"]
[EventType "swiss"]
[EventRounds "9"]
[EventCountry "AUT"]
[SourceTitle "EXT 2007"]
[Source "ChessBase"]
[SourceDate "2006.11.23"]
[SourceVersion "1"]
[SourceVersionDate "2006.11.23"]
[SourceQuality "1"]

1. c4 f5 2. Nc3 Nf6 3. g3 g6 4. d4 Bg7 5. Bg2 O-O 6. Nf3 d6 7. O-O Nc6 8. d5
Ne5 9. Nxe5 dxe5 10. Rb1 Kh8 11. b4 h6 12. e3 e4 13. Nb5 e6 14. d6 c6 15. Nc7
Rb8 16. Bb2 Qd7 17. c5 Nd5 18. Nxd5 exd5 19. Qd2 a6 20. a4 Bxb2 21. Rxb2 Qg7
22. b5 axb5 23. axb5 Ra8 24. bxc6 bxc6 25. Rb6 Ba6 26. Rfb1 Bd3 27. Rc1 Ra1 28.
h4 Re8 29. Rxa1 Qxa1+ 30. Kh2 g5 31. Bh3 Bb5 32. Rxb5 cxb5 33. c6 gxh4 34. Qd4+
Qxd4 35. exd4 hxg3+ 36. Kxg3 Rg8+ 37. Kh2 b4 38. d7 b3 39. c7 b2 40. d8=Q b1=Q
41. Qf6+ Kh7 42. Qxf5+ Kg7 43. Qg4+ Kh7 44. Qxg8+ Kxg8 45. c8=Q+ 1-0

[Event "Graz op"]
[Site "Graz"]
[Date "2005.09.04"]
[Round "2"]
[White "Moser, Eva"]
[Black "Wiedner, Robert"]
[Result "1/2-1/2"]
[WhiteElo "2361"]
[BlackElo "2181"]
[PlyCount "107"]
[EventDate "2005.09.03"]
[EventType "swiss"]
[EventRounds "9"]
[EventCountry "AUT"]
[SourceTitle "EXT 2007"]
[Source "ChessBase"]
[SourceDate "2006.11.23"]
[SourceVersion "1"]
[SourceVersionDate "2006.11.23"]
[SourceQuality "1"]

1. e4 c5 2. d3 Nc6 3. g3 g6 4. Bg2 Bg7 5. f4 d6 6. Nf3 e5 7. O-O Nge7 8. c3 O-O
9. Be3 Bg4 10. h3 exf4 11. gxf4 Be6 12. Ng5 Qd7 13. Nd2 f5 14. Nxe6 Qxe6 15.
Qb3 Qxb3 16. Nxb3 b6 17. Rad1 Rac8 18. Nc1 Rfd8 19. Bf2 Bf6 20. Ne2 Rf8 21.
Rfe1 Rc7 22. Bg3 Bg7 23. Kh2 Nd8 24. d4 fxe4 25. dxc5 d5 26. cxb6 axb6 27. f5
Ra7 28. fxg6 hxg6 29. a3 Ne6 30. Rf1 Rxf1 31. Bxf1 Nf5 32. Bf2 Be5+ 33. Kh1 e3
34. Rxd5 Bxc3 35. Nxc3 exf2 36. Rd2 Ng3+ 37. Kg2 Nxf1 38. Kxf1 Rh7 39. Rd6 Nf4
40. Rxb6 Rxh3 41. Kxf2 Kg7 42. a4 g5 43. Ne4 g4 44. a5 Rf3+ 45. Kg1 Re3 46. Rb4
Re1+ 47. Kh2 Nd3 48. Rd4 Ne5 49. Kg3 Nc6 50. Rd7+ Kf8 51. Nf6 Nxa5 52. Kxg4 Nc4
53. Nh7+ Ke8 54. Nf6+ 1/2-1/2

[Event "Graz op"]
[Site "Graz"]
[Date "2005.09.03"]
[Round "1"]
[White "Sachsenhofer, Wolfgang"]
[Black "Moser, Eva"]
[Result "0-1"]
[WhiteElo "2101"]
[BlackElo "2361"]
[PlyCount "138"]
[EventDate "2005.09.03"]
[EventType "swiss"]
[EventRounds "9"]
[EventCountry "AUT"]
[SourceTitle "EXT 2007"]
[Source "ChessBase"]
[SourceDate "2006.11.23"]
[SourceVersion "1"]
[SourceVersionDate "2006.11.23"]
[SourceQuality "1"]

1. e4 d6 2. d4 Nf6 3. Bd3 e5 4. c3 Nbd7 5. Nf3 Be7 6. Nbd2 O-O 7. O-O c6 8. Re1
Qc7 9. Nf1 exd4 10. cxd4 d5 11. e5 Ne4 12. Bxe4 dxe4 13. Rxe4 f5 14. Re1 Nb6
15. Bg5 Be6 16. Qc2 Rad8 17. b3 h6 18. Bxe7 Qxe7 19. Ne3 Qf7 20. Rac1 g5 21.
Qd3 Rd7 22. Red1 Qh5 23. Nd2 Rg7 24. Nec4 Nd5 25. Nd6 Nf4 26. Qc3 Qg4 27. Qf3
Ne2+ 28. Kf1 Qxf3 29. Nxf3 Nxc1 30. Rxc1 Rd8 31. Ne1 Rgd7 32. Ke2 Re7 33. Kd2
Kg7 34. Nd3 Kg6 35. Nc5 Rb8 36. a3 Bd5 37. g3 h5 38. h4 f4 39. gxf4 gxf4 40.
Rg1+ Kh7 41. Rg5 Bf3 42. Nce4 Bxe4 43. Nxe4 Kh6 44. Nf6 Rg7 45. Rxh5+ Kg6 46.
Rg5+ Kf7 47. Rf5 Ke6 48. Rxf4 c5 49. Nh5 Rd7 50. Ke3 Rh8 51. Rf6+ Ke7 52. Nf4
cxd4+ 53. Ke4 Rxh4 54. Kf5 Rxf4+ 55. Kxf4 d3 56. e6 d2 57. exd7 d1=Q 58. Rf5
Qxb3 59. Ke4 Qc4+ 60. Ke3 Kxd7 61. Rf3 Qc3+ 62. Ke4 Qc4+ 63. Ke3 b5 64. Kd2 a5
65. Rd3+ Ke6 66. f3 b4 67. axb4 axb4 68. Re3+ Kf5 69. Re4 Qc3+ 0-1

[Event "Schwarzach op"]
[Site "Schwarzach"]
[Date "2005.08.??"]
[Round "9"]
[White "Moser, Eva"]
[Black "Stephan, Axel"]
[Result "1-0"]
[WhiteElo "2361"]
[BlackElo "2213"]
[PlyCount "33"]
[EventDate "2005.08.??"]
[EventType "swiss"]
[EventRounds "9"]
[EventCountry "AUT"]
[SourceTitle "EXT 2007"]
[Source "ChessBase"]
[SourceDate "2006.11.23"]
[SourceVersion "1"]
[SourceVersionDate "2006.11.23"]
[SourceQuality "1"]

1. e4 d5 2. exd5 Qxd5 3. Nc3 Qd6 4. d4 Nf6 5. Nge2 Bf5 6. Bf4 Qd8 7. d5 a6 8.
Ng3 Bg6 9. Qf3 Bxc2 10. Rc1 Bg6 11. Bc4 Nbd7 12. O-O Nb6 13. Nb5 axb5 14. Bxb5+
Nbd7 15. Bxc7 Qc8 16. Bb6 Qb8 17. Rc7 1-0

[Event "Schwarzach op"]
[Site "Schwarzach"]
[Date "2005.08.??"]
[Round "8"]
[White "Besner, Bernhard"]
[Black "Moser, Eva"]
[Result "0-1"]
[WhiteElo "2116"]
[BlackElo "2361"]
[PlyCount "132"]
[EventDate "2005.08.??"]
[EventType "swiss"]
[EventRounds "9"]
[EventCountry "AUT"]
[SourceTitle "EXT 2007"]
[Source "ChessBase"]
[SourceDate "2006.11.23"]
[SourceVersion "1"]
[SourceVersionDate "2006.11.23"]
[SourceQuality "1"]

1. e4 d6 2. d4 Nf6 3. Nc3 Nbd7 4. Nf3 e5 5. Bc4 Be7 6. dxe5 dxe5 7. a4 O-O 8.
O-O c6 9. Qe2 Qc7 10. Ba2 Nc5 11. h3 a5 12. Bg5 Ne6 13. Bd2 Bc5 14. Bxe6 Bxe6
15. Bg5 Nh5 16. Kh2 f6 17. Nd2 fxg5 18. Qxh5 g4 19. hxg4 Bxf2 20. Nf3 Be3 21.
Ne2 Bc4 22. Rae1 Rae8 23. b3 Bf7 24. Qh4 Bg6 25. Ng3 Bf4 26. Kh1 Bxg3 27. Qxg3
Rf4 28. Nd2 Qd8 29. Re2 Qg5 30. Rxf4 exf4 31. Qf3 h5 32. g3 fxg3 33. Qxg3 hxg4
34. Kg1 Rd8 35. Nf1 Bf7 36. Ne3 Be6 37. Kg2 Qh5 38. Kg1 Qg6 39. Qe5 Re8 40. Qf4
Rf8 41. Qe5 Qf6 42. Qxa5 Qf3 43. Qe1 Qxe4 44. Nf5 Qxf5 45. Rxe6 Qxc2 46. Re3
Qc5 47. Kg2 Qd5+ 48. Kg1 Qd4 49. Kg2 Qd5+ 50. Kg1 Qf7 51. b4 Qd7 52. Qa1 Qd2
53. Qe5 Qf2+ 54. Kh1 Qf1+ 55. Kh2 Qf2+ 56. Kh1 Qf1+ 57. Kh2 Rf2+ 58. Kg3 Qg1+
59. Kh4 Rf8 60. Rg3 Qh2+ 61. Kxg4 Qh6 62. Qe4 Rf6 63. Rd3 Rg6+ 64. Kf3 Qh1+ 65.
Ke3 Qe1+ 66. Kf4 Rg4+ 0-1

[Event "Schwarzach op"]
[Site "Schwarzach"]
[Date "2005.08.??"]
[Round "7"]
[White "Moser, Eva"]
[Black "Martin, Stefan"]
[Result "0-1"]
[WhiteElo "2361"]
[BlackElo "2273"]
[PlyCount "64"]
[EventDate "2005.08.??"]
[EventType "swiss"]
[EventRounds "9"]
[EventCountry "AUT"]
[SourceTitle "EXT 2007"]
[Source "ChessBase"]
[SourceDate "2006.11.23"]
[SourceVersion "1"]
[SourceVersionDate "2006.11.23"]
[SourceQuality "1"]

1. e4 c5 2. d3 e6 3. g3 d5 4. Nd2 Nc6 5. Bg2 Nf6 6. Ngf3 Be7 7. O-O b6 8. Re1
Bb7 9. e5 Nd7 10. h4 Qc7 11. Qe2 h6 12. Bh3 g5 13. hxg5 hxg5 14. Bg4 O-O-O 15.
Nf1 Rdg8 16. d4 cxd4 17. Bd2 Nc5 18. a4 a5 19. Ra3 Ba6 20. Qd1 Ne4 21. Rb3 Bc4
22. Rb5 Bxb5 23. axb5 Nxe5 24. Nxe5 Qxe5 25. f3 f5 26. fxe4 fxg4 27. Qxg4 Bc5
28. Kg2 dxe4 29. Rxe4 Qf5 30. Qxf5 exf5 31. Re5 Re8 32. Rxf5 d3 0-1

[Event "Schwarzach op"]
[Site "Schwarzach"]
[Date "2005.08.??"]
[Round "6"]
[White "Ardeleanu, Alin"]
[Black "Moser, Eva"]
[Result "1-0"]
[WhiteElo "2443"]
[BlackElo "2361"]
[PlyCount "83"]
[EventDate "2005.08.??"]
[EventType "swiss"]
[EventRounds "9"]
[EventCountry "AUT"]
[SourceTitle "EXT 2007"]
[Source "ChessBase"]
[SourceDate "2006.11.23"]
[SourceVersion "1"]
[SourceVersionDate "2006.11.23"]
[SourceQuality "1"]

1. e4 c5 2. Nf3 Nc6 3. Bb5 g6 4. O-O Bg7 5. c3 Nf6 6. e5 Nd5 7. d4 Nc7 8. Bxc6
dxc6 9. h3 cxd4 10. cxd4 O-O 11. Nc3 Nd5 12. Qb3 Nb6 13. Bg5 Be6 14. Qa3 f6 15.
exf6 exf6 16. Bf4 Re8 17. b3 Nd5 18. Qc1 Nxc3 19. Qxc3 Bd5 20. Nd2 Qd7 21. Rfe1
Re6 22. Re3 Rae8 23. Rae1 Bf8 24. Rxe6 Rxe6 25. Re3 Qe7 26. Kf1 b6 27. Kg1 Kf7
28. Nc4 Qb4 29. Qd3 b5 30. Nd2 Qe7 31. h4 Rxe3 32. fxe3 f5 33. h5 Qa3 34. Qc2
Kg8 35. hxg6 hxg6 36. Nf3 Be4 37. Qf2 Qc1+ 38. Kh2 Be7 39. Qg3 Kh7 40. Ne5 g5
41. Bxg5 Bd6 42. Bf6 1-0

[Event "Schwarzach op"]
[Site "Schwarzach"]
[Date "2005.08.??"]
[Round "5"]
[White "Panaiatov, Radoslav"]
[Black "Moser, Eva"]
[Result "0-1"]
[WhiteElo "2216"]
[BlackElo "2361"]
[PlyCount "89"]
[EventDate "2005.08.??"]
[EventType "swiss"]
[EventRounds "9"]
[EventCountry "AUT"]
[SourceTitle "EXT 2007"]
[Source "ChessBase"]
[SourceDate "2006.11.23"]
[SourceVersion "1"]
[SourceVersionDate "2006.11.23"]
[SourceQuality "1"]

1. e4 c5 2. Nf3 Nc6 3. d4 cxd4 4. Nxd4 e5 5. Nb5 d6 6. N1c3 a6 7. Na3 b5 8. Nd5
Be7 9. c3 Nf6 10. Nxf6+ Bxf6 11. g3 O-O 12. Bg2 b4 13. Nc4 Be6 14. Ne3 bxc3 15.
bxc3 Qa5 16. Bd2 Rab8 17. O-O Rfc8 18. Rb1 Rxb1 19. Qxb1 Bxa2 20. Qd3 Qa3 21.
Bc1 Qa5 22. Bd2 Qb5 23. c4 Qa4 24. Re1 Nd4 25. Bf1 Rb8 26. Bc3 Qb3 27. Nd5 Bb1
28. Qe3 Nc2 29. Rxb1 Qxb1 30. Nxf6+ gxf6 31. Qh6 Qb3 32. Qd2 Rc8 33. Kg2 Na3
34. c5 Nb1 35. Qe2 Rxc5 36. Bd2 Nxd2 37. Qxd2 Qb6 38. Be2 Qc6 39. Bf3 Kg7 40.
h4 Rc2 41. Qe1 Qc3 42. Qf1 Qd2 43. Bg4 a5 44. Bf5 a4 45. h5 0-1

[Event "Schwarzach op"]
[Site "Schwarzach"]
[Date "2005.08.??"]
[Round "4"]
[White "Moser, Eva"]
[Black "Tratar, Marko"]
[Result "1/2-1/2"]
[WhiteElo "2361"]
[BlackElo "2440"]
[PlyCount "81"]
[EventDate "2005.08.??"]
[EventType "swiss"]
[EventRounds "9"]
[EventCountry "AUT"]
[SourceTitle "EXT 2007"]
[Source "ChessBase"]
[SourceDate "2006.11.23"]
[SourceVersion "1"]
[SourceVersionDate "2006.11.23"]
[SourceQuality "1"]

1. e4 c5 2. c3 Nf6 3. e5 Nd5 4. Nf3 Nc6 5. b4 cxb4 6. c4 Nc7 7. d4 d5 8. exd6
exd6 9. d5 Ne5 10. Bb2 Bg4 11. Qb3 Bxf3 12. gxf3 Be7 13. f4 Nd7 14. Bxg7 Bf6
15. Qe3+ Qe7 16. Bxf6 Nxf6 17. Nd2 Ng4 18. Qxe7+ Kxe7 19. f3 Nf6 20. Kf2 a5 21.
Re1+ Kf8 22. Ne4 Nfe8 23. c5 Rd8 24. c6 Nxd5 25. cxb7 Rb8 26. Bb5 Nxf4 27. Rd1
f5 28. Bxe8 fxe4 29. Bc6 exf3 30. Rxd6 Ke7 31. Rd7+ Kf6 32. Kxf3 Ne6 33. Rhd1
Rhd8 34. Ke3 a4 35. Bxa4 Rxd7 36. Bxd7 Rxb7 37. Rd6 Ke7 38. Rxe6+ Kxd7 39. Rh6
Ke8 40. Kd4 Ra7 41. Kc4 1/2-1/2